000 00418pab a2200157 454500
008 180718b2008 xxu||||| |||| 00| 0 eng d
100 _aPaul, Thomas
245 _aChild labour - prohibition v. abolition: untangling the constitutional tangle
260 _c2008
300 _ap.143-76.
362 _aApr-Jun
650 _aChild labour
773 _aJournal of Indian Law Institute
908 _aN
909 _a79354
999 _c79354
_d79354